000 00835nam a2200277 i 4500
001 000048084
003 DO-SdBNP
005 20230911093708.0
007 ta
008 181114s2015 dr 000 spa d
020 _a9789945600032
040 _aDO-SdBNP
_bspa
_cBNPHU
_erda
082 4 _aRD863.44
_bS227f
_222
100 1 _aSan Juan, Mario de
_975580
_eautor
245 3 _aEl fantasma de Alma Rosa :
_bcuento /
_cMario de San Juan.
264 _aSanto Domingo :
_bSantuario,
_c2015.
300 _a112 páginas ;
_c22.5 cm.
336 _2rdacontent
_atexto
_btxt
337 _2rdamedia
_asin mediación
_bn
338 _2rdacarrier
_avolumen
_bnc
590 _aInventariado, 2018 / DG
650 4 _aCuentos dominicanos
650 4 _aLiteratura dominicana
910 _aValidado. Control de calidad MFF
942 _2ddc
_cLBS1
999 _c47572
_d47572